| 000 | 00464nam a2200181Ia 4500 | ||
|---|---|---|---|
| 008 | 090124s9999 xx 000 0 und d | ||
| 082 | _b1754 | ||
| 100 | _aMURRAY GEOFFREY | ||
| 245 | _aMATTERS OF LIFE AND DEATH | ||
| 250 | _a1 | ||
| 260 |
_bSIDGWICK AND JACKSON LIMITED _c1953 |
||
| 300 | _a200 | ||
| 600 | _aMURRAY GEOFFREY | ||
| 630 | _aMATTERS OF LIFE AND DEATH | ||
| 700 | _aMURRAY GEOFFREY | ||
| 730 | _aMATTERS OF LIFE AND DEATH | ||
| 942 | _cBOOK | ||
| 999 |
_c82098 _d82098 |
||